000
00298nam a22001337a 4500
008
181207b xxu||||| |||| 00| 0 eng d
020
_a
0941158012
041
_a
eng
080
_a
618
100
_a
10
101
_a
GJIN
245
_a
Obstetrical Decision Making
_c
Friedman,E.A
942
_2
udc
_c
BK
999
_c
53018
_d
53018